[Event "ESP-chT CECLUB Honor"]
[Site "Linares"]
[Date "2023.09.18"]
[Round "3.2"]
[White "Ubilava, Elizbar"]
[Black "Argandona Riveiro, Inigo"]
[Result "1/2-1/2"]
[WhiteElo "2415"]
[BlackElo "2340"]
[PlyCount "100"]
[EventDate "2023.09.16"]
[EventType "team-tourn"]
[EventRounds "7"]
[EventCountry "ESP"]
[SourceTitle "EXT 2024"]
[Source "ChessBase"]
[SourceDate "2023.10.10"]
[SourceVersion "1"]
[SourceVersionDate "2023.10.10"]
[SourceQuality "1"]
[WhiteTeam "Solvay"]
[BlackTeam "Taldea Gros Xake"]
[WhiteTeamCountry "ESP"]
[BlackTeamCountry "ESP"]

1. d4 Nf6 2. c4 e6 3. Nf3 Bb4+ 4. Bd2 c5 5. Bxb4 cxb4 6. e3 0-0 7. Bd3 d6 8. Nbd2 Nc6 9. 0-0 e5 10. Qc2 Re8 11. d5 Nb8 12. c5 dxc5 13. e4 Nbd7 14. a3 bxa3 15. bxa3 b6 16. a4 a5 17. Rfb1 Nb8 18. Bb5 Nfd7 19. Nc4 Re7 20. Qc3 f6 21. Rb2 Ba6 22. Rab1 Rf7 23. Bxd7 Nxd7 24. Nxb6 Nxb6 25. Rxb6 Be2 26. Nd2 Rc8 27. Qe3 Bd1 28. Nc4 Bc2 29. R1b2 Bxa4 30. Nd6 Rfc7 31. Nxc8 Rxc8 32. Qa3 c4 33. g3 c3 34. Qxa4 cxb2 35. Rxb2 f5 36. Rb5 f4 37. Kg2 g5 38. f3 g4 39. fxg4 Qg5 40. Qa2 Qxg4 41. d6+ Kh8 42. Qb2 f3+ 43. Kf2 Qxe4 44. Qxe5+ Qxe5 45. Rxe5 Rd8 46. Rxa5 Rxd6 47. Kxf3 Rb6 48. Kg4 Kg7 49. Rg5+ Kh8 50. Kh5 Rh6+ 1/2-1/2

[Event "Benasque op 42nd"]
[Site "Benasque"]
[Date "2023.07.13"]
[Round "9"]
[White "Nie, Xinyang"]
[Black "Ubilava, Elizbar"]
[Result "1-0"]
[WhiteElo "2288"]
[BlackElo "2435"]
[PlyCount "27"]
[EventDate "2023.07.05"]
[EventType "swiss"]
[EventRounds "9"]
[EventCountry "ESP"]
[SourceTitle "EXT 2024"]
[Source "ChessBase"]
[SourceDate "2023.10.10"]
[SourceVersion "1"]
[SourceVersionDate "2023.10.10"]
[SourceQuality "1"]

1. c4 c5 2. Nc3 Nf6 3. g3 e6 4. e4 Nc6 5. Bg2 d6 6. Nge2 e5 7. a3 Be7 8. b4 b6 9. 0-0 0-0 10. f4 Nd4 11. h3 Kh8 12. f5 h6 13. d3 cxb4 14. axb4 1-0

[Event "Alicante Easter op 7th"]
[Site "La Nucia"]
[Date "2023.04.09"]
[Round "8"]
[White "Ubilava, Elizbar"]
[Black "Martin Duque, Jesus"]
[Result "1-0"]
[WhiteElo "2435"]
[BlackElo "2386"]
[PlyCount "91"]
[EventDate "2023.04.05"]
[EventType "swiss"]
[EventRounds "9"]
[EventCountry "ESP"]
[SourceTitle "CBM 213 Extra"]
[Source "ChessBase"]
[SourceDate "2023.05.31"]
[SourceVersion "1"]
[SourceVersionDate "2023.05.31"]
[SourceQuality "1"]

1. d4 Nf6 2. c4 e6 3. Nc3 Bb4 4. Qc2 d6 5. Bg5 Nbd7 6. e3 0-0 7. Bd3 h6 8. Bh4 c5 9. Nge2 b5 10. cxb5 Bb7 11. 0-0 Rc8 12. a3 Bxc3 13. Nxc3 cxd4 14. exd4 Qb6 15. Rfd1 Ba8 16. Bf1 g5 17. Bg3 Ne4 18. f3 Nxg3 19. hxg3 Nf6 20. Qf2 Kg7 21. Rac1 Nd5 22. Nxd5 Bxd5 23. Qe3 f5 24. Rc3 Rce8 25. b4 f4 26. gxf4 Rxf4 27. a4 Ref8 28. Bc4 Qb7 29. Bxd5 Qxd5 30. Rc7+ R8f7 31. Rxf7+ Rxf7 32. Rc1 Rf4 33. Rc7+ Kf6 34. Rh7 Rh4 35. Qc3 Qa2 36. Rd7 Qd5 37. Rxa7 Rxd4 38. b6 g4 39. fxg4 Qe5 40. Rc7 Kg5 41. Qc1+ Kg6 42. b7 Re4 43. Qb1 Kg5 44. Qc1+ Kg6 45. Qc2 Kf6 46. Qc3 1-0

[Event "Lorca Christmas op"]
[Site "Lorca"]
[Date "2022.12.28"]
[Round "4"]
[White "Ubilava, Elizbar"]
[Black "Fier, Alexandr"]
[Result "0-1"]
[WhiteElo "2445"]
[BlackElo "2589"]
[PlyCount "83"]
[EventDate "2022.12.26"]
[EventType "swiss"]
[EventRounds "9"]
[EventCountry "ESP"]
[SourceTitle "CBM 211 Extra"]
[Source "ChessBase"]
[SourceDate "2023.01.31"]
[SourceVersion "1"]
[SourceVersionDate "2023.01.31"]
[SourceQuality "1"]

1. d4 d5 2. c4 e6 3. Nf3 Nf6 4. Nc3 c6 5. e3 Nbd7 6. Bd3 dxc4 7. Bxc4 b5 8. Bd3 Bd6 9. 0-0 0-0 10. b3 Bb7 11. Bb2 a6 12. a4 Qe7 13. Nd2 Bb4 14. Nce4 Nd5 15. Nf3 f5 16. Ned2 g5 17. g3 g4 18. Nh4 Qg5 19. Ng2 bxa4 20. Rxa4 c5 21. Nc4 a5 22. Ra1 cxd4 23. exd4 Qh6 24. Nce3 Rf6 25. Bc4 N7b6 26. Nxd5 Nxd5 27. Bc1 Qh3 28. f3 gxf3 29. Qxf3 Bc3 30. Rb1 Bxd4+ 31. Kh1 Rb8 32. Bd2 Ne3 33. Qxb7 Rxb7 34. Bxe3 Bxe3 35. Nxe3 f4 36. Rf3 Rg7 37. Rg1 Qh5 38. g4 Qc5 39. Nf5 Rxf5 40. Bxe6+ Rff7 41. Rd1 Kh8 42. Rxf4 0-1

[Event "ESP-chT CECLUB Honor"]
[Site "Linares"]
[Date "2022.09.21"]
[Round "5.2"]
[White "Ubilava, Elizbar"]
[Black "Batsiashvili, Nino"]
[Result "1-0"]
[WhiteElo "2434"]
[BlackElo "2477"]
[PlyCount "153"]
[EventDate "2022.09.17"]
[EventType "team-tourn"]
[EventRounds "7"]
[EventCountry "ESP"]
[SourceTitle "CBM 210 Extra"]
[Source "ChessBase"]
[SourceDate "2022.11.30"]
[SourceVersion "1"]
[SourceVersionDate "2022.11.30"]
[SourceQuality "1"]
[WhiteTeam "Solvay"]
[BlackTeam "Costa Calida"]
[WhiteTeamCountry "ESP"]
[BlackTeamCountry "ESP"]

1. d4 d5 2. c4 e6 3. Nc3 Nf6 4. Nf3 a6 5. cxd5 exd5 6. Bg5 Be6 7. Bxf6 Qxf6 8. Qb3 Ra7 9. a3 Qd8 10. h4 Be7 11. Qc2 Nc6 12. e4 Kf8 13. Rd1 Ra8 14. Be2 h5 15. 0-0 Rh6 16. exd5 Bxd5 17. Nxd5 Qxd5 18. Bc4 Qd6 19. Ng5 Qg6 20. Bd3 Qd6 21. Qb3 Nd8 22. d5 Qd7 23. Qc2 c6 24. Be4 Rd6 25. dxc6 Nxc6 26. Bxc6 Qxc6 27. Qh7 Rh6 28. Qf5 Bxg5 29. hxg5 Rg6 30. Rd7 Qe6 31. Qxe6 Rxe6 32. Rxb7 Re7 33. Rxe7 Kxe7 34. Re1+ Kd6 35. Re4 Rb8 36. b4 Rb5 37. f4 Rd5 38. Kf2 Rd2+ 39. Re2 Rd3 40. Re3 Rd2+ 41. Kf3 h4 42. f5 Ra2 43. Rc3 Kd7 44. Kg4 Rxg2+ 45. Kxh4 Ra2 46. Kg4 Ra1 47. Kf4 Rf1+ 48. Rf3 Ra1 49. Rd3+ Ke7 50. Ke5 Re1+ 51. Kd5 Rg1 52. Kc6 Rxg5 53. Kb6 Rxf5 54. Kxa6 g5 55. Rg3 Rf6+ 56. Ka7 Rf5 57. Ka6 Rf6+ 58. Ka5 Rg6 59. b5 f5 60. b6 f4 61. b7 Rg8 62. Rc3 Rb8 63. Kb6 Kf6 64. a4 g4 65. a5 g3 66. a6 g2 67. Rc1 f3 68. a7 Rxb7+ 69. Kxb7 f2 70. a8Q g1Q 71. Qf8+ Ke6 72. Rc6+ Ke5 73. Qf6+ Ke4 74. Re6+ Kd3 75. Qf3+ Kd4 76. Qe3+ Kc4 77. Re4+ 1-0

[Event "ESP-chT CECLUB Honor"]
[Site "Linares"]
[Date "2020.09.28"]
[Round "6.2"]
[White "Franco Alonso, Alejandro"]
[Black "Ubilava, Elizbar"]
[Result "1/2-1/2"]
[WhiteElo "2409"]
[BlackElo "2461"]
[PlyCount "70"]
[EventDate "2020.09.23"]
[EventType "team-tourn"]
[EventRounds "7"]
[EventCountry "ESP"]
[SourceTitle "CBM 198 Extra"]
[Source "ChessBase"]
[SourceDate "2020.11.30"]
[SourceVersion "1"]
[SourceVersionDate "2020.11.30"]
[SourceQuality "1"]
[WhiteTeam "Taldea Gros Xake"]
[BlackTeam "Solvay"]
[WhiteTeamCountry "ESP"]
[BlackTeamCountry "ESP"]

1. d4 Nf6 2. c4 g6 3. Nc3 Bg7 4. e4 d6 5. Nf3 0-0 6. h3 Na6 7. Bg5 h6 8. Be3 e5 9. d5 Nc5 10. Nd2 a5 11. a3 Bd7 12. b4 Ncxe4 13. Ndxe4 Nxe4 14. Nxe4 f5 15. b5 fxe4 16. Be2 b6 17. Qd2 Kh7 18. Bd1 Qe7 19. Bc2 Rf7 20. 0-0-0 Raf8 21. Rde1 Qh4 22. Kb1 Rxf2 23. Bxf2 Rxf2 24. Re2 Rf4 25. Qe3 h5 26. Ka2 Qf6 27. Rhe1 Bf5 28. a4 h4 29. Kb3 Bh6 30. Qc3 Qg5 31. Qe3 Kg7 32. Qc3 Kh7 33. Qe3 Kg7 34. Qc3 Kh7 35. Qe3 Kg7 1/2-1/2

[Event "ESP-chT CECLUB Honor"]
[Site "Linares"]
[Date "2020.09.25"]
[Round "3.2"]
[White "Ubilava, Elizbar"]
[Black "Gines Esteo, Pedro Antonio"]
[Result "0-1"]
[WhiteElo "2461"]
[BlackElo "2446"]
[PlyCount "72"]
[EventDate "2020.09.23"]
[EventType "team-tourn"]
[EventRounds "7"]
[EventCountry "ESP"]
[SourceTitle "CBM 198 Extra"]
[Source "ChessBase"]
[SourceDate "2020.11.30"]
[SourceVersion "1"]
[SourceVersionDate "2020.11.30"]
[SourceQuality "1"]
[WhiteTeam "Solvay"]
[BlackTeam "Jaime Casas"]
[WhiteTeamCountry "ESP"]
[BlackTeamCountry "ESP"]

1. d4 e6 2. c4 b6 3. Nf3 Bb7 4. g3 f5 5. Bg2 Bb4+ 6. Bd2 Bxd2+ 7. Qxd2 Nf6 8. Nc3 Ne4 9. Nxe4 fxe4 10. Qg5 exf3 11. Qxg7 Rf8 12. Bxf3 Bxf3 13. exf3 Qe7 14. Qxe7+ Kxe7 15. f4 c5 16. 0-0-0 Nc6 17. d5 Nd4 18. Rhe1 a5 19. Rd3 Rf5 20. a4 Rh5 21. h4 Rf5 22. Rde3 h5 23. Kd2 Rd8 24. Kc1 Kf7 25. dxe6+ dxe6 26. Kb1 Rd6 27. Rd3 Ke7 28. Rde3 Rf8 29. b3 Rfd8 30. Kc1 Kf7 31. Kb2 Nf5 32. Re4 Rd2+ 33. Kc1 Rxf2 34. Rxe6 Rdd2 35. Rxb6 Rc2+ 36. Kb1 Nd4 0-1

[Event "ESP-chT CECLUB Honor"]
[Site "Linares"]
[Date "2019.10.06"]
[Round "7.4"]
[White "Ubilava, Elizbar"]
[Black "Gonzalez de la Torre, Santiago"]
[Result "1-0"]
[WhiteElo "2481"]
[BlackElo "2423"]
[PlyCount "135"]
[EventDate "2019.09.30"]
[EventType "team-tourn"]
[EventRounds "7"]
[EventCountry "ESP"]
[SourceTitle "EXT 2020"]
[Source "ChessBase"]
[SourceDate "2019.10.17"]
[SourceVersion "1"]
[SourceVersionDate "2019.10.17"]
[SourceQuality "1"]
[WhiteTeam "Solvay"]
[BlackTeam "Taldea Gros Xake"]
[WhiteTeamCountry "ESP"]
[BlackTeamCountry "ESP"]

1. Nf3 d5 2. g3 g6 3. Bg2 Bg7 4. 0-0 e5 5. d3 Ne7 6. Nbd2 0-0 7. e4 Nbc6 8. exd5 Nxd5 9. Re1 Nb6 10. Rb1 a5 11. b3 Re8 12. Nc4 Bf5 13. Nh4 Be6 14. Bxc6 bxc6 15. Nxe5 a4 16. Bb2 axb3 17. axb3 c5 18. c4 g5 19. Ng2 f6 20. Nf3 Bf5 21. Rxe8+ Qxe8 22. Ne3 Bg6 23. Ne1 h5 24. Qf3 Qd7 25. Ra1 Re8 26. Ra7 Nc8 27. Ra8 g4 28. Qd1 Ne7 29. Rxe8+ Bxe8 30. Qa1 Kf7 31. Qa5 Qd6 32. Ba3 Nc6 33. Qxc5 Qxc5 34. Bxc5 Na5 35. b4 Nb3 36. Ba7 Bf8 37. b5 c6 38. bxc6 Bxc6 39. N1c2 Bb7 40. d4 Be4 41. d5 Nd2 42. Nd4 Nxc4 43. Nxc4 Bxd5 44. Ne3 Be4 45. Ng2 Bd6 46. Nb5 Be5 47. Bd4 Bb8 48. Be3 Bd3 49. Nd4 Kg6 50. Nf4+ Bxf4 51. Bxf4 Ba6 52. Bc7 Bc4 53. f4 gxf3 54. Nxf3 Kf5 55. Kf2 Bd5 56. Bd8 Kg4 57. Ng1 Kf5 58. h3 Bb7 59. Ne2 Kg5 60. Nd4 Bd5 61. Ke3 Bb7 62. Ne6+ Kf5 63. Nc5 Bc6 64. Nd3 Bd5 65. Nf4 Bf7 66. Bc7 Be8 67. Kd4 Bf7 68. Nd5 1-0

[Event "ESP-chT CECLUB Honor"]
[Site "Linares"]
[Date "2019.10.01"]
[Round "2.3"]
[White "Ubilava, Elizbar"]
[Black "Gines Esteo, Pedro Antonio"]
[Result "0-1"]
[WhiteElo "2481"]
[BlackElo "2426"]
[PlyCount "98"]
[EventDate "2019.09.30"]
[EventType "team-tourn"]
[EventRounds "7"]
[EventCountry "ESP"]
[SourceTitle "EXT 2020"]
[Source "ChessBase"]
[SourceDate "2019.10.17"]
[SourceVersion "1"]
[SourceVersionDate "2019.10.17"]
[SourceQuality "1"]
[WhiteTeam "Solvay"]
[BlackTeam "Jaime Casas"]
[WhiteTeamCountry "ESP"]
[BlackTeamCountry "ESP"]

1. d4 f5 2. g3 Nf6 3. Bg2 g6 4. Nc3 d5 5. Bg5 c6 6. Bxf6 exf6 7. e3 Be6 8. Nge2 Nd7 9. Nf4 Bf7 10. h4 h5 11. Bf1 Nb6 12. Bd3 Nc4 13. Bxc4 dxc4 14. d5 Qb6 15. Qd2 0-0-0 16. 0-0-0 Bb4 17. a3 Ba5 18. Qd4 Qxd4 19. Rxd4 Bxc3 20. bxc3 g5 21. Ne6 Bxe6 22. dxe6 Rxd4 23. cxd4 Kc7 24. Kd2 b5 25. Kc3 g4 26. a4 a6 27. d5 cxd5 28. Kd4 Kb6 29. f3 gxf3 30. Rf1 Re8 31. Rxf3 Rxe6 32. axb5 axb5 33. Rxf5 Re4+ 34. Kxd5 Re5+ 35. Rxe5 fxe5 36. e4 c3 37. Kxe5 Kc5 38. Kf6 b4 39. e5 b3 40. e6 bxc2 41. e7 c1Q 42. e8Q Qf1+ 43. Kg5 Qf3 44. Qe7+ Kd4 45. Qb4+ Kd3 46. Qb5+ Kd2 47. Qa5 Ke2 48. Qa2+ Kf1 49. Kh6 Qc6+ 0-1

[Event "Gibraltar Masters 17th"]
[Site "Caleta"]
[Date "2019.01.23"]
[Round "2"]
[White "Adhiban, Baskaran"]
[Black "Ubilava, Elizbar"]
[Result "1/2-1/2"]
[WhiteElo "2689"]
[BlackElo "2495"]
[PlyCount "131"]
[EventDate "2019.01.22"]
[EventType "swiss"]
[EventRounds "10"]
[EventCountry "GGB"]
[SourceTitle "CBM 188 Extra"]
[Source "ChessBase"]
[SourceDate "2019.02.26"]
[SourceVersion "1"]
[SourceVersionDate "2019.02.26"]
[SourceQuality "1"]

1. e4 e5 2. Nf3 Nc6 3. Bb5 Nf6 4. d3 d6 5. 0-0 Be7 6. c3 0-0 7. Re1 Bg4 8. h3 Bh5 9. Nbd2 Nd7 10. Nf1 a6 11. Ba4 b5 12. Bc2 Bg6 13. Ng3 Nb6 14. Be3 Rb8 15. Qe2 b4 16. Rad1 bxc3 17. bxc3 a5 18. d4 exd4 19. Nxd4 Nxd4 20. Bxd4 Re8 21. f4 Bh4 22. Qf3 f6 23. Bb3+ Kh8 24. Kh2 Bxg3+ 25. Kxg3 Qe7 26. Bc2 Nc4 27. Kh2 c5 28. Bf2 Rb2 29. Bb3 Nb6 30. f5 Bh5 31. Qxh5 Rxf2 32. Be6 Rd8 33. Qh4 Rb2 34. Qg3 Na8 35. Rb1 Rdb8 36. Rxb2 Rxb2 37. Bb3 a4 38. Bxa4 Rxa2 39. Bc6 Ra6 40. Rb1 Rb6 41. Ra1 Nc7 42. Bd5 Qe8 43. h4 Qb8 44. Bc4 Qe8 45. Ra7 Qb8 46. Ra1 Qe8 47. Ra7 Qb8 48. Ra5 Qe8 49. e5 dxe5 50. Rxc5 Qe7 51. Ra5 Rb8 52. Qe3 Ra8 53. Rxa8+ Nxa8 54. Qe4 Nc7 55. Bb3 Qd8 56. Qc4 h6 57. Kg3 Qb8 58. Kh3 Kh7 59. Ba2 Qc8 60. Kh2 Qa8 61. Bb3 Qb8 62. Kg1 Na6 63. Ba2 Nc7 64. Kf1 Nb5 65. Qb4 Qa7 66. Qc4 1/2-1/2

[Event "ESP-chT CECLUB Honor"]
[Site "Linares"]
[Date "2018.08.11"]
[Round "6.2"]
[White "Gines Esteo, Pedro Antonio"]
[Black "Ubilava, Elizbar"]
[Result "0-1"]
[WhiteElo "2336"]
[BlackElo "2485"]
[PlyCount "86"]
[EventDate "2018.08.06"]
[EventType "team-tourn"]
[EventRounds "7"]
[EventCountry "ESP"]
[SourceTitle "CBM 185 Extra"]
[Source "ChessBase"]
[SourceDate "2018.07.29"]
[SourceVersion "1"]
[SourceVersionDate "2018.07.29"]
[SourceQuality "1"]
[WhiteTeam "Monzon Jaime Casas"]
[BlackTeam "Solvay"]
[WhiteTeamCountry "ESP"]
[BlackTeamCountry "ESP"]

1. d4 Nf6 2. c4 d6 3. Nc3 e5 4. Nf3 Nbd7 5. Bg5 Be7 6. e3 c6 7. Qc2 h6 8. Bh4 Nh5 9. Bxe7 Qxe7 10. Be2 Nhf6 11. 0-0 0-0 12. Rfd1 Re8 13. b4 Nf8 14. Na4 e4 15. Nd2 h5 16. Nf1 h4 17. h3 Bf5 18. c5 d5 19. Rdb1 g5 20. Nh2 Qd7 21. Qd1 Kg7 22. b5 Rac8 23. Rb2 Ng6 24. Rab1 Be6 25. bxc6 bxc6 26. Rb7 Rc7 27. Qb3 Rec8 28. Rxc7 Rxc7 29. Qb8 Rc8 30. Qb7 Rc7 31. Qb8 Qc8 32. Nf1 g4 33. hxg4 Nxg4 34. Nd2 Qd7 35. Ba6 Qe7 36. Rb7 Qf6 37. Qxc7 Qxf2+ 38. Kh1 Qxd2 39. Rb1 Qxe3 40. Rf1 h3 41. Bc8 hxg2+ 42. Kxg2 Nh4+ 43. Kh1 Qh3+ 0-1

[Event "ESP-chT CECLUB Honor"]
[Site "Linares"]
[Date "2018.08.10"]
[Round "5.3"]
[White "Ubilava, Elizbar"]
[Black "Assaubayeva, Bibissara"]
[Result "1-0"]
[WhiteElo "2485"]
[BlackElo "2346"]
[PlyCount "101"]
[EventDate "2018.08.06"]
[EventType "team-tourn"]
[EventRounds "7"]
[EventCountry "ESP"]
[SourceTitle "CBM 185 Extra"]
[Source "ChessBase"]
[SourceDate "2018.07.29"]
[SourceVersion "1"]
[SourceVersionDate "2018.07.29"]
[SourceQuality "1"]
[WhiteTeam "Solvay"]
[BlackTeam "Extremadura Magic"]
[WhiteTeamCountry "ESP"]
[BlackTeamCountry "ESP"]

1. d4 Nf6 2. c4 g6 3. Nc3 Bg7 4. Nf3 0-0 5. g3 d6 6. Bg2 Nc6 7. 0-0 a6 8. Bf4 Rb8 9. Rc1 Nd7 10. Qd2 e5 11. dxe5 Ndxe5 12. Nxe5 Nxe5 13. b3 Bd7 14. Rfd1 Bc6 15. Nd5 Qd7 16. Bh6 b5 17. Bxg7 Kxg7 18. f4 Ng4 19. h3 Bxd5 20. cxd5 Nf6 21. Qc3 Qe7 22. e4 Rfe8 23. Re1 b4 24. Qd4 Kg8 25. e5 Nh5 26. g4 Ng7 27. Qa7 Qh4 28. Qxc7 dxe5 29. fxe5 h5 30. Rf1 Qe7 31. Qxe7 Rxe7 32. Rfe1 Rd8 33. Rc6 hxg4 34. hxg4 Rde8 35. d6 Ra7 36. Bd5 Ne6 37. Bxe6 Rxe6 38. g5 Re8 39. Kg2 a5 40. Kf3 a4 41. Rc7 Raa8 42. Kf4 axb3 43. axb3 Kf8 44. Rh1 Kg7 45. Rhc1 Ra2 46. Rc8 Rxc8 47. Rxc8 Rd2 48. Ke3 Rd5 49. Ke4 Rd1 50. Rc4 Kf8 51. Rxb4 1-0

[Event "ESP-chT CECLUB Honor"]
[Site "Linares"]
[Date "2018.08.08"]
[Round "3.2"]
[White "Ubilava, Elizbar"]
[Black "Paehtz, Elisabeth"]
[Result "0-1"]
[WhiteElo "2485"]
[BlackElo "2500"]
[PlyCount "58"]
[EventDate "2018.08.06"]
[EventType "team-tourn"]
[EventRounds "7"]
[EventCountry "ESP"]
[SourceTitle "CBM 185 Extra"]
[Source "ChessBase"]
[SourceDate "2018.07.29"]
[SourceVersion "1"]
[SourceVersionDate "2018.07.29"]
[SourceQuality "1"]
[WhiteTeam "Solvay"]
[BlackTeam "Beniajan Duochess CAC"]
[WhiteTeamCountry "ESP"]
[BlackTeamCountry "ESP"]

1. Nf3 c5 2. c4 Nc6 3. Nc3 Nf6 4. g3 d5 5. cxd5 Nxd5 6. Bg2 Nc7 7. 0-0 e5 8. a3 Rb8 9. d3 Be7 10. Nd2 Bd7 11. Nc4 f6 12. f4 b5 13. fxe5 bxc4 14. exf6 Bxf6 15. Ne4 0-0 16. Nxf6+ Rxf6 17. dxc4 Rxf1+ 18. Qxf1 Nd4 19. b4 Qe7 20. Bf4 Nxe2+ 21. Kh1 Nxf4 22. Qxf4 Qf6 23. Qxf6 gxf6 24. bxc5 Be6 25. Rd1 Kf7 26. h4 Ke7 27. Bc6 Na6 28. Re1 Nxc5 29. g4 Nd3 0-1

[Event "ESP-chT CECLUB Honor"]
[Site "Linares"]
[Date "2017.08.17"]
[Round "4.1"]
[White "Ubilava, Elizbar"]
[Black "Del Rio de Angelis, Salvador Gabriel"]
[Result "0-1"]
[WhiteElo "2498"]
[BlackElo "2511"]
[PlyCount "100"]
[EventDate "2017.08.14"]
[EventType "team-tourn"]
[EventRounds "7"]
[EventCountry "ESP"]
[SourceTitle "CBM 180 Extra"]
[Source "ChessBase"]
[SourceDate "2017.10.06"]
[SourceVersion "1"]
[SourceVersionDate "2017.10.06"]
[SourceQuality "1"]
[WhiteTeam "Solvay"]
[BlackTeam "Sestao Bizkaialde"]
[WhiteTeamCountry "ESP"]
[BlackTeamCountry "ESP"]

1. Nf3 e6 2. g3 b5 3. Bg2 Bb7 4. 0-0 Nf6 5. d3 c5 6. e4 d6 7. a4 b4 8. Nbd2 Be7 9. Nc4 0-0 10. e5 Ne8 11. Re1 Nd7 12. a5 Rc8 13. exd6 Nxd6 14. Nfd2 Bxg2 15. Kxg2 Nb8 16. Nxd6 Qxd6 17. Nc4 Qd5+ 18. Qf3 Nc6 19. Qxd5 exd5 20. Ne3 Rfd8 21. b3 Bf6 22. Ra2 Bc3 23. Rd1 a6 24. Bd2 g6 25. h4 h5 26. Kf1 Rd6 27. Ng2 Re8 28. Be3 d4 29. Bd2 Rde6 30. Nf4 Re5 31. Ng2 f6 32. Bf4 R5e6 33. Bd2 Kf7 34. Bc1 Na7 35. Bf4 Nb5 36. Bc1 Nc7 37. Bf4 Nd5 38. Bc1 R8e7 39. Ra4 Re2 40. Ra2 R2e6 41. Ra4 Re5 42. Ra2 Re8 43. Ra4 g5 44. Ra2 Kg6 45. Kg1 Re2 46. Rf1 Kf5 47. Kh2 Kg4 48. f3+ Kf5 49. Kg1 Ne3 50. Rf2 Rxf2 0-1

[Event "ESP-chT CECLUB Honor"]
[Site "Linares"]
[Date "2017.08.14"]
[Round "3.4"]
[White "Ubilava, Elizbar"]
[Black "Ibarra Jerez, Jose Carlos"]
[Result "1/2-1/2"]
[WhiteElo "2498"]
[BlackElo "2569"]
[PlyCount "88"]
[EventDate "2017.08.14"]
[EventType "team-tourn"]
[EventRounds "7"]
[EventCountry "ESP"]
[SourceTitle "CBM 180 Extra"]
[Source "ChessBase"]
[SourceDate "2017.10.06"]
[SourceVersion "1"]
[SourceVersionDate "2017.10.06"]
[SourceQuality "1"]
[WhiteTeam "Solvay"]
[BlackTeam "Beniajan Duochess CAC"]
[WhiteTeamCountry "ESP"]
[BlackTeamCountry "ESP"]

1. d4 Nf6 2. c4 e6 3. Nf3 d5 4. Nc3 Be7 5. g3 0-0 6. Bg2 c6 7. 0-0 b6 8. b3 Bb7 9. Qc2 Nbd7 10. Rd1 Rc8 11. e4 dxe4 12. Ne5 h6 13. Be3 Qc7 14. Nxd7 Qxd7 15. Nxe4 Rfd8 16. a4 Nxe4 17. Qxe4 Rc7 18. Qc2 Qc8 19. c5 Bf6 20. Rac1 Rcd7 21. cxb6 axb6 22. Bxc6 Rd6 23. Bxb7 Qxb7 24. Qc4 h5 25. h4 g6 26. Rd2 Qf3 27. Rcc2 Kg7 28. b4 Rd5 29. b5 Qg4 30. Qe2 Bxd4 31. Bxd4+ Rxd4 32. Qe5+ Kg8 33. Rxd4 Qxd4 34. Qxd4 Rxd4 35. Rc8+ Kg7 36. Ra8 Kf6 37. Ra7 e5 38. Kf1 Ke6 39. Ra6 Kf5 40. Rxb6 Rxa4 41. Rc6 Rb4 42. b6 Rb2 43. Ke1 e4 44. Rc7 Rxb6 1/2-1/2

[Event "Benasque op 37th"]
[Site "Benasque"]
[Date "2017.07.11"]
[Round "6"]
[White "Ubilava, Elizbar"]
[Black "Shevchenko, Kirill"]
[Result "0-1"]
[WhiteElo "2483"]
[BlackElo "2502"]
[PlyCount "108"]
[EventDate "2017.07.06"]
[EventType "swiss"]
[EventRounds "10"]
[EventCountry "ESP"]
[SourceTitle "CBM 179 Extra"]
[Source "ChessBase"]
[SourceDate "2017.08.23"]
[SourceVersion "1"]
[SourceVersionDate "2017.08.23"]
[SourceQuality "1"]

1. g3 d5 2. Nf3 g6 3. Bg2 Bg7 4. 0-0 e6 5. d3 Nf6 6. Nbd2 0-0 7. e4 c5 8. Re1 Nc6 9. c3 a5 10. e5 Nd7 11. d4 a4 12. Nf1 Qb6 13. Rb1 cxd4 14. cxd4 f6 15. Bf4 fxe5 16. dxe5 Ra5 17. N1d2 Nc5 18. b4 axb3 19. Nxb3 Nxb3 20. axb3 Ra2 21. Re2 Rxe2 22. Qxe2 Bd7 23. h4 Nd4 24. Nxd4 Qxd4 25. h5 g5 26. Rd1 Qc3 27. Bxg5 Qxe5 28. Be3 Be8 29. g4 Bc6 30. Qd2 Qc7 31. Bh6 Bxh6 32. Qxh6 Qf7 33. Rd2 Kh8 34. Qe3 Qf4 35. Qxf4 Rxf4 36. f3 Kg7 37. Kf2 Kf6 38. Kg3 e5 39. Bf1 Rb4 40. Bd3 Rd4 41. Rd1 Kg5 42. Bc2 Rxd1 43. Bxd1 Bb5 44. Bc2 h6 45. b4 b6 46. Kf2 Kf4 47. Bd1 e4 48. fxe4 dxe4 49. Bc2 e3+ 50. Ke1 Kxg4 51. Bg6 Kf4 52. Kd1 Ke5 53. Kc2 Kd4 54. Bf7 Ba4+ 0-1

[Event "Llucmajor op 6th"]
[Site "Llucmajor"]
[Date "2017.05.14"]
[Round "1"]
[White "Selva Salvador, Antonio"]
[Black "Ubilava, Elizbar"]
[Result "0-1"]
[WhiteElo "1877"]
[BlackElo "2491"]
[PlyCount "56"]
[EventDate "2017.05.14"]
[EventType "swiss"]
[EventRounds "9"]
[EventCountry "ESP"]
[SourceTitle "CBM 178 Extra"]
[Source "ChessBase"]
[SourceDate "2017.06.22"]
[SourceVersion "1"]
[SourceVersionDate "2017.06.22"]
[SourceQuality "1"]

1. d4 d6 2. Nf3 Bg4 3. h3 Bxf3 4. exf3 d5 5. Bf4 e6 6. Qd3 Nc6 7. c3 Bd6 8. Bxd6 Qxd6 9. Na3 a6 10. Nc2 Nge7 11. Be2 g5 12. Ne3 Ng6 13. g3 h5 14. 0-0-0 0-0-0 15. b4 h4 16. b5 axb5 17. Qxb5 hxg3 18. fxg3 Qxg3 19. Rdg1 Qd6 20. Kd2 f6 21. Rb1 Kd7 22. Qa4 Rb8 23. Bb5 Ke7 24. Rbe1 Kf7 25. Re2 Nce7 26. Reh2 Nh4 27. Be2 Qf4 28. Qb5 Ra8 0-1

[Event "Benasque op 36th"]
[Site "Benasque"]
[Date "2016.07.11"]
[Round "5"]
[White "Ubilava, Elizbar"]
[Black "Baklan, Vladimir"]
[Result "1-0"]
[WhiteElo "2482"]
[BlackElo "2618"]
[PlyCount "90"]
[EventDate "2016.07.07"]
[EventType "swiss"]
[EventRounds "10"]
[EventCountry "ESP"]
[SourceTitle "CBM 173 Extra"]
[Source "ChessBase"]
[SourceDate "2016.08.29"]
[SourceVersion "1"]
[SourceVersionDate "2016.08.29"]
[SourceQuality "1"]

1. d4 Nf6 2. c4 g6 3. Nc3 Bg7 4. Nf3 0-0 5. g3 d6 6. Bg2 Nc6 7. 0-0 e5 8. dxe5 dxe5 9. Bg5 Be6 10. Nd2 h6 11. Bxf6 Bxf6 12. Nde4 Be7 13. Qc1 Kg7 14. Rd1 Qe8 15. Nd5 Rc8 16. Qe3 b6 17. Nxe7 Nxe7 18. c5 f6 19. Qa3 Nc6 20. Nc3 Rf7 21. Nb5 Rb8 22. Rac1 a5 23. cxb6 Rxb6 24. Bxc6 Rxc6 25. Qxa5 Bxa2 26. Nxc7 Rfxc7 27. Rxc6 Qxc6 28. Qxa2 Qb7 29. Qa5 h5 30. h4 Rd7 31. Rxd7+ Qxd7 32. Qe1 g5 33. hxg5 fxg5 34. Qc1 Kf6 35. Qc4 Qa7 36. b4 Qa1+ 37. Kg2 Qa8+ 38. e4 g4 39. Qd5 Qf8 40. b5 Qa3 41. Qd8+ Ke6 42. Qc8+ Ke7 43. Qf5 Qc5 44. Qxh5 Qxb5 45. Qxg4 Qd5 1-0